[Event "British Rapidplay"]
[Site "Peterborough"]
[Date "2025.03.01"]
[Round "3.2"]
[White "Verbytski, Oleg"]
[Black "Ghasi, Ameet K"]
[Result "0-1"]
[WhiteElo "2111"]
[BlackElo "2505"]
[PlyCount "144"]
[EventDate "2025.03.01"]
[EventType "swiss (rapid)"]
[EventRounds "11"]
[EventCountry "ENG"]
[SourceTitle "BritBase"]
[Source "John Saunders"]
[SourceDate "2025.03.03"]
[SourceVersion "1"]
[SourceVersionDate "2025.03.03"]
[SourceQuality "2"]

1. e4 d6 2. d4 Nf6 3. Nc3 g6 4. f3 c6 5. Be3 b5 6. Qd2 Qa5 7. Nce2 Qxd2+ 8. Kxd2 Nbd7 9. Nc1 e5 10. c3 Bg7 11. g3 O-O 12. Bh3 Re8 13. Nd3 a5 14. b3 exd4 15. cxd4 c5 16. Ne2 d5 17. e5 cxd4 18. Bxd4 Nxe5 19. Bxe5 Bxh3 20. Nef4 Bf5 21. Rac1 Rad8 22. Bxf6 Bxf6 23. Rc5 b4 24. Nxd5 Bc3+ 25. Kc1 Bxd3 26. Nxc3 bxc3 27. Rxc3 Rc8 28. Kd2 Rxc3 29. Kxc3 Be2 30. f4 Rc8+ 31. Kd2 Bg4 32. a3 Be6 33. b4 axb4 34. axb4 Kf8 35. Rb1 Ke7 36. b5 Kd6 37. Ke3 Bd5 38. Rb2 Rc3+ 39. Kd4 Rc4+ 40. Kd3 Kc5 41. b6 Bb7 42. Ra2 Rd4+ 43. Ke3 Rd6 44. Rc2+ Kxb6 45. Rb2+ Kc7 46. Rc2+ Rc6 47. Rb2 Re6+ 48. Kf2 Bc6 49. Rc2 Kd6 50. Rd2+ Bd5 51. Rb2 Re7 52. Rc2 Ra7 53. Ke3 Ra2 54. Rc1 Rxh2 55. Ra1 Rg2 56. Ra6+ Bc6 57. f5 Rxg3+ 58. Kf4 Rf3+ 59. Kg4 h5+ 60. Kh4 Rf4+ 61. Kg3 g5 62. Ra7 h4+ 63. Kh3 Rxf5 64. Ra6 Rf3+ 65. Kh2 g4 66. Kg1 h3 67. Kh2 Rf2+ 68. Kg1 Rg2+ 69. Kh1 Ra2+ 70. Rxc6+ Kxc6 71. Kg1 g3 72. Kh1 Ra1# 0-1

[Event "British Rapidplay"]
[Site "Peterborough"]
[Date "2025.03.01"]
[Round "3.3"]
[White "Vitiugov, Nikita"]
[Black "Chopra, Manmay"]
[Result "1/2-1/2"]
[WhiteElo "2668"]
[BlackElo "2156"]
[PlyCount "74"]
[EventDate "2025.03.01"]
[EventType "swiss (rapid)"]
[EventRounds "11"]
[EventCountry "ENG"]
[SourceTitle "BritBase"]
[Source "John Saunders"]
[SourceDate "2025.03.03"]
[SourceVersion "1"]
[SourceVersionDate "2025.03.03"]
[SourceQuality "2"]

1. e4 e5 2. Nf3 Nc6 3. Bb5 a6 4. Ba4 Bc5 5. c3 Nge7 6. O-O Ng6 7. d4 Ba7 8. Bg5 f6 9. Be3 O-O 10. Re1 Kh8 11. Nbd2 exd4 12. Nxd4 Nxd4 13. Bxd4 Bxd4 14. cxd4 d5 15. Rc1 c6 16. Bb3 Be6 17. Qf3 dxe4 18. Nxe4 Bd5 19. Bxd5 Qxd5 20. Qb3 Qxb3 21. axb3 Rad8 22. Nc5 Rf7 23. g3 Kg8 24. Rcd1 Nf8 25. Kf1 Rc7 26. Re3 Kf7 27. Ke2 a5 28. h4 Rd6 29. Red3 Re7+ 30. Kf1 Ne6 31. Ne4 Rd5 32. Nc3 Rd8 33. R3d2 Red7 34. d5 cxd5 35. Rxd5 Rxd5 36. Rxd5 Rxd5 37. Nxd5 Nd4 1/2-1/2

[Event "British Rapidplay"]
[Site "Peterborough"]
[Date "2025.03.01"]
[Round "3.4"]
[White "Mihalik, Agoston"]
[Black "Gormally, Daniel W"]
[Result "0-1"]
[WhiteElo "2140"]
[BlackElo "2428"]
[PlyCount "67"]
[EventDate "2025.03.01"]
[EventType "swiss (rapid)"]
[EventRounds "11"]
[EventCountry "ENG"]
[SourceTitle "BritBase"]
[Source "John Saunders"]
[SourceDate "2025.03.03"]
[SourceVersion "1"]
[SourceVersionDate "2025.03.03"]
[SourceQuality "2"]

1. e4 c5 2. Nf3 d6 3. Bb5+ Nd7 4. O-O Ngf6 5. Re1 a6 6. Bd3 g6 7. c3 Bg7 8. Bc2 O-O 9. d4 cxd4 10. cxd4 b5 11. Nc3 Bb7 12. a3 Rc8 13. Bf4 Nb6 14. Bd3 Nc4 15. Qe2 Nh5 16. Bg5 h6 17. Bc1 e5 18. d5 Nf4 19. Bxf4 exf4 20. Rec1 Qf6 21. Bxc4 Rxc4 22. Rc2 Rfc8 23. Rac1 Qe7 24. Nd2 R4c7 25. Nb3 f5 26. f3 fxe4 27. fxe4 Re8 28. Re1 Qg5 29. Qf2 Rc4 30. Rce2 Bc8 31. Kh1 Bg4 32. Rd2 Bxc3 33. bxc3 Rcxe4 34. Nd4 0-1

[Event "British Rapidplay"]
[Site "Peterborough"]
[Date "2025.03.01"]
[Round "3.5"]
[White "Han, Yichen"]
[Black "Kothari, Jai"]
[Result "1-0"]
[WhiteElo "2430"]
[BlackElo "2035"]
[PlyCount "53"]
[EventDate "2025.03.01"]
[EventType "swiss (rapid)"]
[EventRounds "11"]
[EventCountry "ENG"]
[SourceTitle "BritBase"]
[Source "John Saunders"]
[SourceDate "2025.03.03"]
[SourceVersion "1"]
[SourceVersionDate "2025.03.03"]
[SourceQuality "2"]

1. Nc3 d5 2. d4 Nf6 3. Bf4 a6 4. e3 e6 5. g4 c5 6. g5 Nfd7 7. Nf3 Nc6 8. Bg2 b5 9. O-O Bb7 10. a4 b4 11. Ne2 Nb6 12. h4 a5 13. Re1 Bd6 14. dxc5 Bxc5 15. Ned4 O-O 16. b3 Re8 17. Nxc6 Bxc6 18. Ne5 Bb7 19. Qh5 Qe7 20. Rad1 Rad8 21. Bf1 d4 22. e4 Nd7 23. Nxd7 Qxd7 24. g6 Rc8 25. Qxh7+ Kf8 26. Bg5 fxg6 27. Rd3 1-0

[Event "British Rapidplay"]
[Site "Peterborough"]
[Date "2025.03.01"]
[Round "3.6"]
[White "Roberson, Peter T"]
[Black "Zhang, Junyi"]
[Result "1/2-1/2"]
[WhiteElo "2434"]
[BlackElo "2152"]
[PlyCount "96"]
[EventDate "2025.03.01"]
[EventType "swiss (rapid)"]
[EventRounds "11"]
[EventCountry "ENG"]
[SourceTitle "BritBase"]
[Source "John Saunders"]
[SourceDate "2025.03.03"]
[SourceVersion "1"]
[SourceVersionDate "2025.03.03"]
[SourceQuality "2"]

1. e4 c5 2. Be2 Nc6 3. f4 g6 4. Nf3 Bg7 5. O-O e6 6. c3 d5 7. e5 d4 8. d3 Nge7 9. Na3 O-O 10. Nc4 Nd5 11. Qe1 f6 12. a4 b6 13. cxd4 cxd4 14. Bd2 fxe5 15. Nfxe5 Nxe5 16. fxe5 Ba6 17. Qg3 Qe7 18. Bg5 Qd7 19. Bg4 Bxc4 20. dxc4 Ne7 21. Qd3 Nf5 22. a5 Rfc8 23. b3 Qc7 24. axb6 axb6 25. Rae1 Qc5 26. Bf6 Bxf6 27. exf6 Kf7 28. Qh3 h5 29. Rxf5 exf5 30. Bf3 Ra7 31. Qh4 d3+ 32. Kh1 d2 33. Rd1 Rd8 34. h3 Qd4 35. Qg5 Qxf6 36. Qh6 Rad7 37. Bd5+ Rxd5 38. cxd5 Rxd5 39. Rxd2 Qa1+ 40. Kh2 Qe5+ 41. g3 Rxd2+ 42. Qxd2 Qe6 43. b4 b5 44. h4 Qc4 45. Qd7+ Kf6 46. Qd6+ Kf7 47. Qd7+ Kf6 48. Qd6+ Kf7 1/2-1/2

[Event "British Rapidplay"]
[Site "Peterborough"]
[Date "2025.03.01"]
[Round "3.7"]
[White "Davis, Colin J"]
[Black "Slaby, Jerzy"]
[Result "0-1"]
[WhiteElo "1987"]
[BlackElo "2464"]
[PlyCount "98"]
[EventDate "2025.03.01"]
[EventType "swiss (rapid)"]
[EventRounds "11"]
[EventCountry "ENG"]
[SourceTitle "BritBase"]
[Source "John Saunders"]
[SourceDate "2025.03.03"]
[SourceVersion "1"]
[SourceVersionDate "2025.03.03"]
[SourceQuality "2"]

1. d3 d5 2. g3 Nf6 3. Bg2 c6 4. f4 h5 5. Nf3 Bg4 6. h3 Bxf3 7. Bxf3 Nbd7 8. e4 dxe4 9. dxe4 e5 10. Be3 Qc7 11. Nd2 h4 12. f5 Bc5 13. Qe2 Bxe3 14. Qxe3 Qb6 15. Qxb6 axb6 16. g4 Nh7 17. Kf2 Ke7 18. a4 Ra6 19. Be2 Ra7 20. Nc4 Ng5 21. Ke3 b5 22. axb5 Rxa1 23. Rxa1 cxb5 24. Na5 Nxh3 25. Bxb5 Nf6 26. Be2 Ng5 27. Bf3 h3 28. Nc4 h2 29. Rh1 Rh3 30. Nxe5 Nfxe4 31. Kf4 Nf2 32. Rf1 f6 33. Bg2 h1=Q 34. Ng6+ Kd6 35. Bxh1 Nxh1 36. Rd1+ Kc7 37. Ne5 fxe5+ 38. Kxg5 Nf2 39. Re1 e4 40. Kg6 e3 41. g5 Ne4 42. Kxg7 Nxg5 43. f6 Ne6+ 44. Kf7 Kd6 45. Rd1+ Ke5 46. Ke7 Rh7+ 47. f7 Ng5 48. Re1 Rxf7+ 49. Ke8 Ke4 0-1

[Event "British Rapidplay"]
[Site "Peterborough"]
[Date "2025.03.01"]
[Round "3.8"]
[White "Kovchan, Alexander"]
[Black "He, Tom Junde"]
[Result "1/2-1/2"]
[WhiteElo "2433"]
[BlackElo "2053"]
[PlyCount "123"]
[EventDate "2025.03.01"]
[EventType "swiss (rapid)"]
[EventRounds "11"]
[EventCountry "ENG"]
[SourceTitle "BritBase"]
[Source "John Saunders"]
[SourceDate "2025.03.03"]
[SourceVersion "1"]
[SourceVersionDate "2025.03.03"]
[SourceQuality "2"]

1. e4 c5 2. Nf3 Nc6 3. d4 cxd4 4. Nxd4 Nf6 5. Nc3 e5 6. Ndb5 d6 7. Bg5 a6 8. Na3 b5 9. Nd5 Be7 10. Bxf6 Bxf6 11. c3 Rb8 12. Nc2 Bg5 13. a4 bxa4 14. Ncb4 Nxb4 15. Nxb4 Bd7 16. Bxa6 Qa5 17. Qxd6 Rb6 18. Qd3 Be6 19. O-O O-O 20. Bc4 Rd8 21. Bd5 Bxd5 22. Rfd1 h6 23. exd5 Be7 24. Qe4 Bxb4 25. cxb4 Qxb4 26. Rxa4 Qxe4 27. Rxe4 Rxb2 28. Rxe5 f6 29. Rf5 Kf7 30. h4 g6 31. Rf4 Rb5 32. Rfd4 f5 33. g3 Rd6 34. Kg2 Kf6 35. R4d2 Ra5 36. Rd3 Rb5 37. R1d2 Ra5 38. f4 Rc5 39. Kf3 Rb5 40. Rd4 Rc5 41. R2d3 Rb5 42. Ke3 Ra5 43. Kd2 Rc5 44. Ke2 Rb5 45. Ke3 Ra5 46. Rd2 Rb5 47. Kf3 Rc5 48. R4d3 Rb5 49. g4 fxg4+ 50. Kxg4 Rc5 51. Rd4 Rc3 52. R2d3 Rc5 53. h5 gxh5+ 54. Kxh5 Kf5 55. Kh4 Rb5 56. Kg3 Rc5 57. Kf2 Rb5 58. Kf3 Rc5 59. Ke2 Rb5 60. Ke3 Ra5 61. Kd2 Rc5 62. Ke3 1/2-1/2

[Event "British Rapidplay"]
[Site "Peterborough"]
[Date "2025.03.01"]
[Round "3.9"]
[White "Brett, Andrew R"]
[Black "Gasanov, Eldar"]
[Result "0-1"]
[WhiteElo "2060"]
[BlackElo "2469"]
[PlyCount "46"]
[EventDate "2025.03.01"]
[EventType "swiss (rapid)"]
[EventRounds "11"]
[EventCountry "ENG"]
[SourceTitle "BritBase"]
[Source "John Saunders"]
[SourceDate "2025.03.03"]
[SourceVersion "1"]
[SourceVersionDate "2025.03.03"]
[SourceQuality "2"]

1. Nf3 d6 2. e4 Nf6 3. Nc3 c5 4. d4 cxd4 5. Nxd4 Nc6 6. Bg5 Bd7 7. f3 Rc8 8. Qd2 Nxd4 9. Qxd4 Qa5 10. Qd2 e6 11. Bf4 d5 12. exd5 Bb4 13. dxe6 Bxe6 14. Bd6 a6 15. Bxb4 Qxb4 16. Nd1 Qc5 17. c3 O-O 18. Be2 Rcd8 19. Qc1 Rfe8 20. Nf2 Bc4 21. O-O Rxe2 22. b3 Rdd2 23. bxc4 Rxf2 0-1

[Event "British Rapidplay"]
[Site "Peterborough"]
[Date "2025.03.01"]
[Round "3.10"]
[White "Badacsonyi, Stanley"]
[Black "Sivanandan, Bodhana"]
[Result "1-0"]
[WhiteElo "2334"]
[BlackElo "2073"]
[PlyCount "132"]
[EventDate "2025.03.01"]
[EventType "swiss (rapid)"]
[EventRounds "11"]
[EventCountry "ENG"]
[SourceTitle "BritBase"]
[Source "John Saunders"]
[SourceDate "2025.03.03"]
[SourceVersion "1"]
[SourceVersionDate "2025.03.03"]
[SourceQuality "2"]

1. d4 d5 2. c4 c6 3. cxd5 cxd5 4. Bf4 Nc6 5. e3 Nf6 6. Nc3 a6 7. Be2 Bf5 8. Nf3 e6 9. Qb3 Nh5 10. Be5 Bb4 11. h3 Nf6 12. Bh2 O-O 13. O-O Rc8 14. Rfc1 Bxc3 15. Rxc3 Ne4 16. Rcc1 b5 17. a4 Na5 18. Qb4 Nc6 19. Qe1 Qb6 20. axb5 axb5 21. Ne5 Nxe5 22. Bxe5 f6 23. Bh2 Nd6 24. Qb4 Rxc1+ 25. Rxc1 Nc4 26. b3 Qa5 27. Bd6 Qxb4 28. Bxb4 Rb8 29. bxc4 bxc4 30. Bc3 Kf7 31. f3 h5 32. Kf2 Ra8 33. e4 dxe4 34. fxe4 Bxe4 35. Bxc4 g5 36. Bd2 Rb8 37. Re1 Bd5 38. Bxd5 exd5 39. Re2 Rb3 40. Ba5 Rd3 41. Bb6 g4 42. hxg4 hxg4 43. Re3 Rd2+ 44. Kg3 Kg6 45. Bc5 Kf5 46. Re1 Rd3+ 47. Kh4 Rd2 48. Rf1+ Kg6 49. Kxg4 Rxg2+ 50. Kf4 Re2 51. Ra1 Re4+ 52. Kf3 Kf5 53. Ra8 Rh4 54. Rd8 Rh3+ 55. Kg2 Rb3 56. Rxd5+ Kg4 57. Kf2 f5 58. Rd7 Kf4 59. d5 Rb2+ 60. Ke1 Rb5 61. Rc7 Rb3 62. d6 Rd3 63. d7 Ke5 64. Be7 Ke6 65. d8=Q Rxd8 66. Bxd8 Kd5 1-0

[Event "British Rapidplay"]
[Site "Peterborough"]
[Date "2025.03.01"]
[Round "3.11"]
[White "Bowcott-Terry, Finlay"]
[Black "Davison, Chris"]
[Result "1/2-1/2"]
[WhiteElo "2202"]
[BlackElo "1997"]
[PlyCount "94"]
[EventDate "2025.03.01"]
[EventType "swiss (rapid)"]
[EventRounds "11"]
[EventCountry "ENG"]
[SourceTitle "BritBase"]
[Source "John Saunders"]
[SourceDate "2025.03.03"]
[SourceVersion "1"]
[SourceVersionDate "2025.03.03"]
[SourceQuality "2"]

1. e4 c6 2. d4 d5 3. Nc3 dxe4 4. Nxe4 Nf6 5. Nxf6+ exf6 6. Bd3 Qxd4 7. Nf3 Qd8 8. O-O Bd6 9. c3 O-O 10. Qc2 g6 11. Bh6 Re8 12. Rfe1 Rxe1+ 13. Rxe1 Nd7 14. Bc4 Nb6 15. Bb3 Bf5 16. Qe2 Bf8 17. Bxf8 Qxf8 18. a4 Rd8 19. a5 Nd5 20. Nd4 Bd7 21. Bxd5 cxd5 22. Qf3 Qd6 23. h3 Re8 24. Rd1 f5 25. Nc2 Ba4 26. Re1 Rxe1+ 27. Nxe1 Qe5 28. Nd3 Qe4 29. Qg3 d4 30. Nc5 Qe1+ 31. Kh2 dxc3 32. bxc3 Bc6 33. Nd3 Qxc3 34. Qb8+ Kg7 35. Qd8 Qf6 36. Qb8 Qd4 37. Nf4 a6 38. f3 Qb2 39. Kg3 Qc3 40. Qc7 Qf6 41. Kh2 h5 42. Nd3 h4 43. Ne5 Bd5 44. Qc3 Kg8 45. Qc8+ Kg7 46. Qc3 Kg8 47. Qc8+ Kg7 1/2-1/2

[Event "British Rapidplay"]
[Site "Peterborough"]
[Date "2025.03.01"]
[Round "3.12"]
[White "Buckley, Graeme N"]
[Black "Pilley, Jack"]
[Result "1-0"]
[WhiteElo "2268"]
[BlackElo "1975"]
[PlyCount "60"]
[EventDate "2025.03.01"]
[EventType "swiss (rapid)"]
[EventRounds "11"]
[EventCountry "ENG"]
[SourceTitle "BritBase"]
[Source "John Saunders"]
[SourceDate "2025.03.03"]
[SourceVersion "1"]
[SourceVersionDate "2025.03.03"]
[SourceQuality "2"]

1. e4 c6 2. d4 d5 3. e5 c5 4. Nf3 Nc6 5. dxc5 Bg4 6. c3 e6 7. Be3 a6 8. Be2 Bxf3 9. Bxf3 Nxe5 10. Be2 Nd7 11. b4 Ngf6 12. O-O Be7 13. a3 O-O 14. c4 dxc4 15. Bxc4 Qc7 16. Nd2 a5 17. h3 axb4 18. axb4 b6 19. Rxa8 Rxa8 20. Qf3 Rc8 21. Ba6 Rb8 22. cxb6 Nxb6 23. Ne4 Nxe4 24. Qxe4 Nd5 25. Rc1 Nc3 26. Qf4 Bd6 27. Qf3 Bxb4 28. Bf1 Qa5 29. Bd4 Nd5 30. Qg3 Qd8 1-0

[Event "British Rapidplay"]
[Site "Peterborough"]
[Date "2025.03.01"]
[Round "3.13"]
[White "Birtwistle, Nigel"]
[Black "Kanyamarala, Tarun"]
[Result "1/2-1/2"]
[WhiteElo "2025"]
[BlackElo "2389"]
[PlyCount "147"]
[EventDate "2025.03.01"]
[EventType "swiss (rapid)"]
[EventRounds "11"]
[EventCountry "ENG"]
[SourceTitle "BritBase"]
[Source "John Saunders"]
[SourceDate "2025.03.03"]
[SourceVersion "1"]
[SourceVersionDate "2025.03.03"]
[SourceQuality "2"]

1. e4 c5 2. Nf3 Nc6 3. c3 Nf6 4. e5 Nd5 5. d4 cxd4 6. cxd4 d6 7. Bc4 dxe5 8. dxe5 Be6 9. O-O g6 10. Qb3 a6 11. Ng5 Na5 12. Qd3 Nxc4 13. Nxe6 fxe6 14. Qxc4 Bg7 15. Qg4 Qb6 16. a4 O-O 17. a5 Qc6 18. Ra3 Bxe5 19. Rh3 Rac8 20. Bh6 Rf5 21. b3 Qb5 22. Nd2 Qxa5 23. Nc4 Qc7 24. f4 Bd4+ 25. Kh1 b5 26. Qd1 Bf6 27. Ne3 Nxe3 28. Rxe3 Rd5 29. Qe2 Qc2 30. Qf3 Rc3 31. Rxc3 Qxc3 32. Qe4 Qc6 33. Qf3 Rc5 34. Qd1 Qd5 35. Qb1 Qf5 36. Qd1 Qd5 37. Qe2 Qxb3 38. Rd1 Kf7 39. h3 Rd5 40. Rc1 Qb2 41. Rc8 Qa1+ 42. Kh2 Bg7 43. Rc6 Rd6 44. Rxd6 exd6 45. Bg5 Qd4 46. Qf3 Qd5 47. Qa3 Qc6 48. Bh4 h6 49. Bg3 Bf6 50. f5 exf5 51. Bxd6 Qd5 52. Qxa6 Be5+ 53. Bxe5 Qxe5+ 54. Kh1 h5 55. Qb6 h4 56. Qa6 Kg7 57. Qb7+ Kh6 58. Qc8 Qe1+ 59. Kh2 Qe5+ 60. Kh1 Kh5 61. Qd7 b4 62. Qd1+ Kg5 63. Qd2+ f4 64. Qxb4 Qf6 65. Qc5+ Kh6 66. Qd5 f3 67. gxf3 Qf5 68. Qxf5 gxf5 69. f4 Kg6 70. Kg2 Kf6 71. Kf3 Ke6 72. Ke3 Kd5 73. Kd3 Kc5 74. Kc3 1/2-1/2

[Event "British Rapidplay"]
[Site "Peterborough"]
[Date "2025.03.01"]
[Round "3.14"]
[White "Bin-Suhayl, Ieysaa"]
[Black "Larchikov, Maksym"]
[Result "0-1"]
[WhiteElo "2219"]
[BlackElo "2050"]
[PlyCount "148"]
[EventDate "2025.03.01"]
[EventType "swiss (rapid)"]
[EventRounds "11"]
[EventCountry "ENG"]
[SourceTitle "BritBase"]
[Source "John Saunders"]
[SourceDate "2025.03.03"]
[SourceVersion "1"]
[SourceVersionDate "2025.03.03"]
[SourceQuality "2"]

1. Nf3 d5 2. d4 Nf6 3. c4 e6 4. g3 Be7 5. Bg2 O-O 6. O-O dxc4 7. Ne5 Nc6 8. Bxc6 bxc6 9. Nxc6 Qe8 10. Nxe7+ Qxe7 11. Qc2 a5 12. Qxc4 Ba6 13. Qc2 Rfd8 14. Rd1 Qb4 15. a3 Qb6 16. Nc3 Bc4 17. Re1 Bb3 18. Qb1 Qxd4 19. Bg5 h6 20. e3 Qe5 21. f4 Qc5 22. Bxf6 gxf6 23. Ne4 Qf5 24. Rc1 c6 25. Nf2 Qb5 26. Qe4 Bd5 27. Qd4 f5 28. Qd2 Rab8 29. Re1 a4 30. Qc2 Qb3 31. Rac1 Bf3 32. Qxb3 Rxb3 33. Rc2 Rdb8 34. Nd1 Bxd1 35. Rxd1 Rxe3 36. Rd4 Re1+ 37. Kg2 Rb1 38. Rxa4 R8xb2 39. Rac4 Rxc2+ 40. Rxc2 Rb6 41. Kh3 Kg7 42. Kh4 Rb3 43. Rxc6 Rxa3 44. Rb6 Ra2 45. Kh3 Kg6 46. Rc6 Rf2 47. Ra6 h5 48. Ra8 h4 49. Rh8 hxg3 50. hxg3 Kf6 51. Rh6+ Kg7 52. Rh4 f6 53. Rh5 Ra2 54. Rh4 Rb2 55. Rh5 Rf2 56. Rh4 e5 57. fxe5 fxe5 58. Ra4 Kf6 59. Ra6+ Kg5 60. Ra8 e4 61. Re8 Ra2 62. Re6 Re2 63. Ra6 Rc2 64. Re6 Rf2 65. Re5 Kf6 66. Re8 Re2 67. Rf8+ Ke5 68. Kh4 Rf2 69. Kg5 e3 70. Re8+ Kd4 71. g4 f4 72. Kf5 e2 73. g5 f3 74. Rd8+ Kc5 0-1

[Event "British Rapidplay"]
[Site "Peterborough"]
[Date "2025.03.01"]
[Round "3.15"]
[White "Vaidyanathan, Adithya"]
[Black "Clarke, James"]
[Result "0-1"]
[WhiteElo "2037"]
[BlackElo "1941"]
[PlyCount "118"]
[EventDate "2025.03.01"]
[EventType "swiss (rapid)"]
[EventRounds "11"]
[EventCountry "ENG"]
[SourceTitle "BritBase"]
[Source "John Saunders"]
[SourceDate "2025.03.03"]
[SourceVersion "1"]
[SourceVersionDate "2025.03.03"]
[SourceQuality "2"]

1. d4 Nf6 2. Nf3 d5 3. c4 e6 4. Nc3 Nbd7 5. Bg5 h6 6. Bh4 Bb4 7. e3 g5 8. Bg3 Ne4 9. Qb3 c5 10. a3 Bxc3+ 11. bxc3 Qa5 12. Rc1 b5 13. cxb5 c4 14. Qb4 Qxb4 15. axb4 Nb6 16. Nd2 Nxg3 17. hxg3 Bd7 18. e4 Bxb5 19. e5 Ke7 20. Ra1 a6 21. Be2 Na4 22. Ra3 Rac8 23. Kd1 Nb2+ 24. Kc2 Nd3 25. Bxd3 cxd3+ 26. Kb2 h5 27. Nb3 h4 28. g4 Rc6 29. Nc5 f6 30. exf6+ Kxf6 31. Kc1 Ke7 32. Kd2 Rf8 33. f3 Kd6 34. Re1 Rf6 35. Re5 Rg6 36. Ra1 Ke7 37. Re3 Rf6 38. Rae1 Rg6 39. Re5 Bc4 40. R1e3 Rb6 41. Nxd3 a5 42. bxa5 Rb5 43. Nb4 Kd7 44. a6 Ra5 45. Kc2 Bxa6 46. Kb2 Bc4 47. Re1 Kd6 48. Ra1 Rxa1 49. Kxa1 Bf1 50. Re1 Bxg2 51. Nd3 h3 52. Nf2 Rf6 53. Re3 h2 54. Re1 Rxf3 55. Nh1 Rf1 56. Rxf1 Bxf1 57. Kb2 Bg2 58. Ng3 h1=Q 59. Nxh1 Bxh1 0-1

[Event "British Rapidplay"]
[Site "Peterborough"]
[Date "2025.03.01"]
[Round "3.16"]
[White "Lishoy Gengis Paratazham, Dildarav"]
[Black "Shearsby, Jude"]
[Result "0-1"]
[WhiteElo "2071"]
[BlackElo "2152"]
[PlyCount "98"]
[EventDate "2025.03.01"]
[EventType "swiss (rapid)"]
[EventRounds "11"]
[EventCountry "ENG"]
[SourceTitle "BritBase"]
[Source "John Saunders"]
[SourceDate "2025.03.03"]
[SourceVersion "1"]
[SourceVersionDate "2025.03.03"]
[SourceQuality "2"]

1. e4 Nc6 2. Nf3 d6 3. d4 Nf6 4. Nc3 Bg4 5. Be3 e5 6. Be2 Be7 7. Qd2 O-O 8. d5 Nb8 9. h3 Bxf3 10. Bxf3 c6 11. O-O c5 12. a3 Na6 13. Rfb1 Nd7 14. b4 Rc8 15. Ne2 Nb6 16. b5 Nc7 17. Qd3 g6 18. Bg4 Ra8 19. c4 Bf6 20. a4 Bg7 21. Ng3 Nc8 22. Qd2 b6 23. Ra2 a5 24. bxa6 Nxa6 25. Bxc8 Rxc8 26. f4 exf4 27. Bxf4 Nb4 28. Ra3 Ra8 29. Qd1 Re8 30. Bd2 h5 31. Bxb4 cxb4 32. Rxb4 h4 33. Nf1 Rxe4 34. Rd3 Qc7 35. Qc2 Qc5+ 36. Qf2 Qxb4 37. Kh1 Qxc4 38. Qf3 Re1 39. Rd1 Rxd1 40. Qxd1 Rxa4 41. Kg1 Ra1 42. Qf3 Bd4+ 43. Kh2 Rxf1 44. Qg4 Be5+ 45. g3 Qa2+ 46. Qe2 Rf2+ 47. Qxf2 Qxf2+ 48. Kh1 hxg3 49. h4 g2# 0-1

[Event "British Rapidplay"]
[Site "Peterborough"]
[Date "2025.03.01"]
[Round "3.17"]
[White "Raju, Sooraj Menothuparam"]
[Black "Fava, Lorenzo"]
[Result "1-0"]
[WhiteElo "2154"]
[BlackElo "2306"]
[PlyCount "67"]
[EventDate "2025.03.01"]
[EventType "swiss (rapid)"]
[EventRounds "11"]
[EventCountry "ENG"]
[SourceTitle "BritBase"]
[Source "John Saunders"]
[SourceDate "2025.03.03"]
[SourceVersion "1"]
[SourceVersionDate "2025.03.03"]
[SourceQuality "2"]

1. e4 d5 2. exd5 Qxd5 3. Nc3 Qa5 4. d4 Nf6 5. Nf3 Bf5 6. Nd2 c6 7. Nc4 Qc7 8. Qf3 e6 9. Bf4 Qd8 10. Ne3 Bg6 11. a3 Bd6 12. O-O-O Bxf4 13. Qxf4 Nbd7 14. g4 Nb6 15. h4 h5 16. Bg2 Nbd5 17. Bxd5 cxd5 18. Rde1 O-O 19. gxh5 Nxh5 20. Qh2 Rc8 21. f4 Rxc3 22. bxc3 Qa5 23. f5 exf5 24. Qd6 Qxc3 25. Qb4 Qc6 26. Qc5 Qxc5 27. dxc5 d4 28. Nd5 Ng3 29. Rhg1 Ne4 30. h5 Bxh5 31. Ne7+ Kh7 32. Nxf5 g6 33. Rxe4 gxf5 34. Rh4 1-0

[Event "British Rapidplay"]
[Site "Peterborough"]
[Date "2025.03.01"]
[Round "3.18"]
[White "Hryshchenko, Kamila"]
[Black "Vashisht-Pigem, Raman"]
[Result "0-1"]
[WhiteElo "2119"]
[BlackElo "1965"]
[PlyCount "42"]
[EventDate "2025.03.01"]
[EventType "swiss (rapid)"]
[EventRounds "11"]
[EventCountry "ENG"]
[SourceTitle "BritBase"]
[Source "John Saunders"]
[SourceDate "2025.03.03"]
[SourceVersion "1"]
[SourceVersionDate "2025.03.03"]
[SourceQuality "2"]

1. e4 e5 2. Nf3 Nc6 3. Bb5 a6 4. Ba4 Bc5 5. O-O Nge7 6. c3 Ng6 7. d4 Ba7 8. Bg5 f6 9. Be3 O-O 10. Bb3+ Kh8 11. a4 d6 12. h3 Nce7 13. Na3 d5 14. dxe5 dxe4 15. exf6 Qxd1 16. Bxd1 gxf6 17. Nd4 f5 18. Bh6 Rd8 19. Bb3 c5 20. Ne2 Bd7 21. Rad1 Bc6 0-1

[Event "British Rapidplay"]
[Site "Peterborough"]
[Date "2025.03.01"]
[Round "3.19"]
[White "Surtees, Michael J"]
[Black "Banerjee, Supratit"]
[Result "0-1"]
[WhiteElo "2099"]
[BlackElo "2250"]
[PlyCount "92"]
[EventDate "2025.03.01"]
[EventType "swiss (rapid)"]
[EventRounds "11"]
[EventCountry "ENG"]
[SourceTitle "BritBase"]
[Source "John Saunders"]
[SourceDate "2025.03.03"]
[SourceVersion "1"]
[SourceVersionDate "2025.03.03"]
[SourceQuality "2"]

1. e4 c6 2. Ne2 d5 3. e5 Bf5 4. Ng3 Bg6 5. h4 h5 6. e6 Nf6 7. d4 Qc8 8. exf7+ Kxf7 9. Nd2 e6 10. Nf3 Bd6 11. Bd3 Bxd3 12. Qxd3 Re8 13. O-O Nbd7 14. Re1 e5 15. Nf5 Bc7 16. Ng5+ Kg8 17. Qg3 e4 18. Bf4 Nf8 19. Nh6+ gxh6 20. Ne6+ Kf7 21. Nxc7 Ne6 22. Nxa8 Rg8 23. Qe3 Qxa8 24. Bg3 Rg6 25. a4 Ng4 26. Qd2 Qg8 27. Ra3 Qg7 28. Qb4 Kg8 29. Qd6 Nxd4 30. Qd8+ Kh7 31. Rc3 Ne6 32. Qb8 d4 33. Rb3 Nc5 34. Rb4 e3 35. Qf4 Nxf2 36. Qxd4 Qxd4 37. Rxd4 Rxg3 38. b4 Nce4 39. Rd7+ Kg6 40. Rxb7 Ng4 41. Rc7 Ne5 42. Kh2 Ng4+ 43. Kg1 Nd2 44. Rxc6+ Kf5 45. Re2 Nf3+ 46. Kf1 Ngh2# 0-1

[Event "British Rapidplay"]
[Site "Peterborough"]
[Date "2025.03.01"]
[Round "3.20"]
[White "Mikalajunas, Kajus"]
[Black "Yu, Rock"]
[Result "1/2-1/2"]
[WhiteElo "2080"]
[BlackElo "2048"]
[PlyCount "83"]
[EventDate "2025.03.01"]
[EventType "swiss (rapid)"]
[EventRounds "11"]
[EventCountry "ENG"]
[SourceTitle "BritBase"]
[Source "John Saunders"]
[SourceDate "2025.03.03"]
[SourceVersion "1"]
[SourceVersionDate "2025.03.03"]
[SourceQuality "2"]

1. Nf3 g6 2. e4 Bg7 3. d4 c6 4. c3 d5 5. e5 Nh6 6. Bd3 O-O 7. O-O f6 8. Re1 fxe5 9. Nxe5 Nd7 10. Nxd7 Bxd7 11. Bg5 Qc7 12. Rxe7 Qd6 13. h3 Bxh3 14. gxh3 Rxf2 15. Kxf2 Qh2+ 16. Ke1 Qg3+ 17. Kd2 Qxg5+ 18. Re3 Re8 19. Qe2 Nf5 20. Bxf5 Bh6 21. Kd1 Rxe3 22. Be6+ Kh8 23. Qg4 Qf6 24. Nd2 Rxe6 25. Nf3 Re3 26. Qc8+ Bf8 27. Nd2 Qf2 28. Kc2 Qf5+ 29. Qxf5 gxf5 30. Rf1 Bh6 31. Nf3 Re2+ 32. Kb3 Kg7 33. Nh4 f4 34. Nf5+ Kg6 35. Nxh6 Kxh6 36. Rxf4 Kg6 37. Rg4+ Kf6 38. Rh4 Kg6 39. Rg4+ Kf6 40. Rf4+ Kg7 41. Rg4+ Kf6 42. Rf4+ 1/2-1/2